000 00435nam a2200181Ia 4500
001 1029
005 20260306140602.0
008 260306t2005||||xx |||||||||||||| ||spa||
041 _aESP
082 _a180
_bE324
100 _aEchano Basaldua, J. de
_eAUT
245 0 _aParadigma 2:
_bhistoria de la filosofía
260 _c2005
300 _a387 páginas :
_c29 cm.
650 _aGEN
654 _aCHU
942 _cLIB
_dJUS
_fJUS
_2ddc
_n
999 _c1029
_d1029